Hotel front office: A training manual (Record no. 152203)
[ view plain ]
| 000 -LEADER | |
|---|---|
| fixed length control field | 00393nam a2200157Ia 4500 |
| 008 - FIXED-LENGTH DATA ELEMENTS--GENERAL INFORMATION | |
| fixed length control field | 230917s9999||||xx |||||||||||||| ||und|| |
| 040 ## - CATALOGING SOURCE | |
| -- | 126480 |
| Original cataloging agency | VIVEKANANDA LIBRARY |
| 041 ## - Language | |
| -- | English |
| 082 ## - DDC NUMBER | |
| Classification number | 647.94 A27H |
| 100 ## - MAIN ENTRY--PERSONAL NAME | |
| Personal name | Andrews, Sudhir |
| 245 #0 - TITLE STATEMENT | |
| Title | Hotel front office: A training manual |
| 250 ## - EDITION STATEMENT | |
| Edition statement | 2nd ed. |
| 260 ## - PUBLICATION, DISTRIBUTION, ETC. (IMPRINT) | |
| Place of publication, distribution, etc | New Delhi |
| Name of publisher, distributor, etc | Tata McGraw-Hill |
| Date of publication, distribution, etc | 2009 |
| 300 ## - PHYSICAL DESCRIPTION | |
| Pages | 380 p. |
| 942 ## - ADDED ENTRY ELEMENTS (KOHA) | |
| Koha item type | Books |
| Withdrawn status | Lost status | Damaged status | Not for loan | Location (home branch) | Sublocation or collection (holding branch) | Shelving location | Date acquired | Koha issues (times borrowed) | Koha full call number | Accession No. | Koha date last seen | Koha item type |
|---|---|---|---|---|---|---|---|---|---|---|---|---|
| VIVEKANANDA LIBRARY | VIVEKANANDA LIBRARY | IHTM Library | 18/01/2010 | 647.94 A27H | 275159 | 17/09/2023 | Books | |||||
| VIVEKANANDA LIBRARY | VIVEKANANDA LIBRARY | IHTM Library | 18/01/2010 | 647.94 A27H | 275160 | 17/09/2023 | Books | |||||
| VIVEKANANDA LIBRARY | VIVEKANANDA LIBRARY | IHTM Library | 18/01/2010 | 647.94 A27H | 278289 | 17/09/2023 | Books | |||||
| VIVEKANANDA LIBRARY | VIVEKANANDA LIBRARY | IHTM Library | 18/01/2010 | 647.94 A27H | 278290 | 17/09/2023 | Books | |||||
| VIVEKANANDA LIBRARY | VIVEKANANDA LIBRARY | IHTM Library | 18/01/2010 | 647.94 A27H | 278291 | 17/09/2023 | Books | |||||
| VIVEKANANDA LIBRARY | VIVEKANANDA LIBRARY | IHTM Library | 18/01/2010 | 647.94 A27H | 278292 | 17/09/2023 | Books | |||||
| VIVEKANANDA LIBRARY | VIVEKANANDA LIBRARY | IHTM Library | 18/01/2010 | 647.94 A27H | 278293 | 17/09/2023 | Books | |||||
| VIVEKANANDA LIBRARY | VIVEKANANDA LIBRARY | IHTM Library | 18/01/2010 | 647.94 A27H | 278294 | 17/09/2023 | Books | |||||
| VIVEKANANDA LIBRARY | VIVEKANANDA LIBRARY | IHTM Library | 18/01/2010 | 647.94 A27H | 278295 | 17/09/2023 | Books | |||||
| VIVEKANANDA LIBRARY | VIVEKANANDA LIBRARY | IHTM Library | 18/01/2010 | 647.94 A27H | 278296 | 17/09/2023 | Books | |||||
| VIVEKANANDA LIBRARY | VIVEKANANDA LIBRARY | IHTM Library | 18/01/2010 | 647.94 A27H | 278297 | 17/09/2023 | Books | |||||
| VIVEKANANDA LIBRARY | VIVEKANANDA LIBRARY | IHTM Library | 18/01/2010 | 647.94 A27H | 278298 | 17/09/2023 | Books | |||||
| VIVEKANANDA LIBRARY | VIVEKANANDA LIBRARY | IHTM Library | 18/01/2010 | 647.94 A27H | 324866 | 17/09/2023 | Books |
